[Event "Zicosur op 3rd"]
[Site "Antofagasta"]
[Date "2017.01.13"]
[Round "6"]
[White "Obregon, Carlos Andres"]
[Black "Delgado Ramirez, Neuris"]
[Result "0-1"]
[WhiteElo "2502"]
[BlackElo "2615"]
[PlyCount "62"]
[EventDate "2017.01.10"]
[EventType "swiss"]
[EventRounds "9"]
[EventCountry "CHI"]
[SourceTitle "CBM 176 Extra"]
[Source "ChessBase"]
[SourceDate "2017.03.02"]
[SourceVersion "1"]
[SourceVersionDate "2017.03.02"]
[SourceQuality "1"]

1. e4 c5 2. Nf3 d6 3. d4 cxd4 4. Nxd4 Nf6 5. Nc3 a6 6. Bg5 e6 7. f4 Nbd7 8. Qe2
h6 9. Bh4 Qc7 10. O-O-O Be7 11. g4 Nb6 12. Bg2 Bd7 13. Bg3 Qc4 14. Rd3 g6 15.
Rhd1 O-O 16. f5 e5 17. Nb3 Na4 18. Rxd6 Qxe2 19. Nxe2 Bb5 20. Bf3 Bxe2 21. Bxe2
Bxd6 22. Rxd6 Nxe4 23. Rd5 Nxg3 24. hxg3 gxf5 25. gxf5 Kg7 26. Rd7 b5 27. Bh5
Kf6 28. Nd2 Kxf5 29. Bxf7 Nc5 30. Re7 Kf6 31. Rc7 Rac8 0-1

[Event "Zicosur op 3rd"]
[Site "Antofagasta"]
[Date "2017.01.14"]
[Round "7"]
[White "Delgado Ramirez, Neuris"]
[Black "Pichot, Alan"]
[Result "1/2-1/2"]
[WhiteElo "2615"]
[BlackElo "2548"]
[PlyCount "64"]
[EventDate "2017.01.10"]
[EventType "swiss"]
[EventRounds "9"]
[EventCountry "CHI"]
[SourceTitle "CBM 176 Extra"]
[Source "ChessBase"]
[SourceDate "2017.03.02"]
[SourceVersion "1"]
[SourceVersionDate "2017.03.02"]
[SourceQuality "1"]

1. e4 c5 2. g3 d5 3. exd5 Qxd5 4. Nf3 Bg4 5. Bg2 Qe6+ 6. Kf1 Nc6 7. h3 Bh5 8.
d3 Qd7 9. Na3 e6 10. Nc4 Bd6 11. Bg5 h6 12. Bd2 Bxf3 13. Qxf3 Nge7 14. Qg4 Nf5
15. Bxc6 Qxc6 16. Qe4 Bc7 17. Qxc6+ bxc6 18. g4 Nd6 19. Ke2 Nxc4 20. dxc4 O-O-O
21. Be3 Bd6 22. a3 Rd7 23. Rab1 Rhd8 24. b4 f5 25. b5 Kb7 26. f3 Be5 27. bxc6+
Kxc6 28. Rb5 Bd4 29. Bd2 Bf6 30. Be3 Bd4 31. Bd2 Bf6 32. Be3 Bd4 1/2-1/2

[Event "Zicosur op 3rd"]
[Site "Antofagasta"]
[Date "2017.01.14"]
[Round "8"]
[White "Granda Zuniga, Julio E"]
[Black "Delgado Ramirez, Neuris"]
[Result "1/2-1/2"]
[WhiteElo "2644"]
[BlackElo "2615"]
[PlyCount "140"]
[EventDate "2017.01.10"]
[EventType "swiss"]
[EventRounds "9"]
[EventCountry "CHI"]
[SourceTitle "CBM 176 Extra"]
[Source "ChessBase"]
[SourceDate "2017.03.02"]
[SourceVersion "1"]
[SourceVersionDate "2017.03.02"]
[SourceQuality "1"]

1. d4 Nf6 2. c4 e6 3. Nf3 Bb4+ 4. Nbd2 O-O 5. a3 Be7 6. b4 a5 7. b5 c5 8. dxc5
Bxc5 9. e3 b6 10. Bb2 Bb7 11. Bd3 d6 12. Qc2 Nbd7 13. g4 g6 14. g5 Nh5 15. Rg1
Rc8 16. Be2 e5 17. Ne4 Qe7 18. Nfd2 Ng7 19. Bf3 Ba8 20. Nc3 Bxf3 21. Nxf3 Qe6
22. Nd2 Nf5 23. Qd3 Ne7 24. Nde4 f5 25. gxf6 Nxf6 26. Ng5 Qf5 27. Qxf5 Nxf5 28.
Ke2 Rce8 29. Rad1 Bd4 30. Na4 Bxb2 31. Nxb2 h6 32. Nf3 Kf7 33. Na4 Rb8 34. Nd2
g5 35. Rb1 Ke6 36. Rgd1 g4 37. Rb3 Rfc8 38. c5 bxc5 39. Nc4 d5 40. Nxa5 c4 41.
Rb4 d4 42. Nc6 Rxb5 43. Nxd4+ exd4 44. Rxb5 d3+ 45. Kd2 Nd6 46. Ra5 Nfe4+ 47.
Kc1 Rf8 48. Rf1 c3 49. Rd1 d2+ 50. Kc2 Nxf2 51. Nxc3 Nxd1 52. Nxd1 Rc8+ 53. Kd3
Rc1 54. Kxd2 Ra1 55. Rh5 Nf7 56. Nf2 Ra2+ 57. Ke1 Ng5 58. Nxg4 Kf5 59. h3 Ke4
60. Rxh6 Kf3 61. Kd1 Nxh3 62. Ne5+ Ke4 63. Nc4 Kd3 64. Ne5+ Ke4 65. Ng4 Nf2+
66. Nxf2+ Rxf2 67. Re6+ Kd3 68. Kc1 Ra2 69. Rd6+ Kxe3 70. Kb1 Rxa3 1/2-1/2

[Event "Zicosur op 3rd"]
[Site "Antofagasta"]
[Date "2017.01.15"]
[Round "9"]
[White "Delgado Ramirez, Neuris"]
[Black "Rodriguez Vila, Andres"]
[Result "1-0"]
[WhiteElo "2615"]
[BlackElo "2468"]
[PlyCount "67"]
[EventDate "2017.01.10"]
[EventType "swiss"]
[EventRounds "9"]
[EventCountry "CHI"]
[SourceTitle "CBM 176 Extra"]
[Source "ChessBase"]
[SourceDate "2017.03.02"]
[SourceVersion "1"]
[SourceVersionDate "2017.03.02"]
[SourceQuality "1"]

1. e4 d6 2. d4 Nf6 3. Nc3 g6 4. Bg5 Bg7 5. Qd2 h6 6. Bh4 O-O 7. f4 c6 8. a4 Na6
9. Nf3 d5 10. Bxf6 exf6 11. Bxa6 bxa6 12. O-O f5 13. e5 a5 14. Rfe1 Qb6 15. Nd1
Re8 16. Kh1 Bf8 17. Ne3 Rb8 18. b3 Qb4 19. Qf2 Be6 20. Rad1 Red8 21. h3 c5 22.
g4 fxg4 23. hxg4 cxd4 24. Rxd4 Qb6 25. f5 Bc8 26. Qh4 Bb7 27. g5 h5 28. e6 Bc5
29. Ng4 Kg7 30. Nf6 Bxd4 31. Nxd4 Re8 32. Qf4 fxe6 33. Qe5 Kf7 34. Nxe8 1-0

[Event "Florianopolis op 3rd"]
[Site "Florianopolis"]
[Date "2017.01.20"]
[Round "1"]
[White "Delgado Ramirez, Neuris"]
[Black "Madeira, Wagner Martins"]
[Result "1-0"]
[WhiteElo "2615"]
[BlackElo "2157"]
[PlyCount "49"]
[EventDate "2017.01.20"]
[EventType "swiss"]
[EventRounds "10"]
[EventCountry "BRA"]
[SourceTitle "CBM 176 Extra"]
[Source "ChessBase"]
[SourceDate "2017.03.02"]
[SourceVersion "1"]
[SourceVersionDate "2017.03.02"]
[SourceQuality "1"]

1. e4 d5 2. exd5 Nf6 3. Bb5+ Nbd7 4. d4 Nxd5 5. Nf3 g6 6. O-O Bg7 7. Re1 O-O 8.
Bf1 N7f6 9. c4 Nb6 10. h3 c5 11. Nc3 cxd4 12. Nxd4 e5 13. Ndb5 Qxd1 14. Rxd1
Bd7 15. Be3 Nc8 16. Nc7 Rb8 17. b4 b6 18. g4 Bc6 19. g5 Ne8 20. Na6 Rb7 21. c5
Nc7 22. b5 Bxb5 23. Bxb5 Nxb5 24. Nxb5 bxc5 25. a4 1-0

[Event "Florianopolis op 3rd"]
[Site "Florianopolis"]
[Date "2017.01.21"]
[Round "2"]
[White "Villalba, Marcelo"]
[Black "Delgado Ramirez, Neuris"]
[Result "1/2-1/2"]
[WhiteElo "2255"]
[BlackElo "2615"]
[PlyCount "119"]
[EventDate "2017.01.20"]
[EventType "swiss"]
[EventRounds "10"]
[EventCountry "BRA"]
[SourceTitle "CBM 176 Extra"]
[Source "ChessBase"]
[SourceDate "2017.03.02"]
[SourceVersion "1"]
[SourceVersionDate "2017.03.02"]
[SourceQuality "1"]

1. e4 c5 2. Nf3 d6 3. d4 cxd4 4. Nxd4 Nf6 5. Nc3 a6 6. Be3 e5 7. Nf3 Qc7 8. a4
Bg4 9. a5 Nbd7 10. Be2 Be7 11. O-O Nc5 12. Nd5 Nxd5 13. exd5 O-O 14. Nd2 Bxe2
15. Qxe2 f5 16. f3 Bf6 17. b4 Nd7 18. c4 e4 19. Rac1 exf3 20. Nxf3 Rae8 21. Qf2
Ne5 22. Nxe5 Bxe5 23. Bd4 Bxd4 24. Qxd4 Re4 25. Qd3 Qe7 26. c5 Rxb4 27. c6 g6
28. cxb7 Qxb7 29. Rc6 Rb5 30. Rxd6 Rxa5 31. Qe3 Qf7 32. Qe6 Re8 33. Qxf7+ Kxf7
34. Rc1 Ra2 35. Rc7+ Re7 36. Rdd7 Rxd7 37. Rxd7+ Kg8 38. Ra7 Rd2 39. Rxa6 Rxd5
40. Ra7 Rd8 41. Kf2 Rf8 42. Kf3 Rf7 43. Ra6 Rc7 44. h4 Kg7 45. g3 Kh6 46. Ra4
Kh5 47. Rb4 Rc3+ 48. Kf2 Rc7 49. Kf3 Re7 50. Ra4 Re4 51. Ra7 h6 52. Rb7 Rd4 53.
Rb5 Rd3+ 54. Kg2 Re3 55. Kh3 Rf3 56. Ra5 g5 57. Rxf5 Rxf5 58. g4+ Kg6 59. gxf5+
Kxf5 60. hxg5 1/2-1/2

[Event "Florianopolis op 3rd"]
[Site "Florianopolis"]
[Date "2017.01.21"]
[Round "3"]
[White "Delgado Ramirez, Neuris"]
[Black "Cadilhac, Igor Tokuichi Kikuc"]
[Result "1-0"]
[WhiteElo "2615"]
[BlackElo "2274"]
[PlyCount "147"]
[EventDate "2017.01.20"]
[EventType "swiss"]
[EventRounds "10"]
[EventCountry "BRA"]
[SourceTitle "CBM 176 Extra"]
[Source "ChessBase"]
[SourceDate "2017.03.02"]
[SourceVersion "1"]
[SourceVersionDate "2017.03.02"]
[SourceQuality "1"]

1. e4 c5 2. Nf3 d6 3. Bc4 Nf6 4. d3 Nc6 5. c3 g6 6. Bb3 Bg7 7. Nbd2 O-O 8. O-O
b5 9. d4 cxd4 10. cxd4 Qb6 11. d5 Nd4 12. Nxd4 Qxd4 13. Re1 Bg4 14. Nf3 Qxd1
15. Bxd1 Nd7 16. h3 Bxf3 17. gxf3 Rfc8 18. Rb1 Nc5 19. Be2 Rab8 20. b3 b4 21.
Bd2 a5 22. Rec1 Be5 23. Rc4 f5 24. exf5 gxf5 25. Rbc1 Kf7 26. f4 Rg8+ 27. Kh2
Bb2 28. R1c2 Bf6 29. Be3 Ne4 30. Bd3 Nc3 31. Bxf5 Nxd5 32. Bxh7 Rg7 33. Be4 Nc3
34. Bf5 d5 35. Rc6 d4 36. Bc1 Rd8 37. Bd3 Ke8 38. Ra6 Kd7 39. Bc4 Kc7 40. Rxa5
d3 41. Rd2 Ne2 42. Bxd3 Nxc1 43. Rc5+ Kb6 44. Rxc1 Bc3 45. Rdd1 Rd4 46. f3 Rxf4
47. Be4 Rh4 48. Bf5 Rh5 49. Bg4 Re5 50. Rc2 Re3 51. Kg2 Re5 52. a4 Rg6 53. Kf2
Kc5 54. Re2 Rxe2+ 55. Kxe2 Bd4 56. h4 e5 57. h5 Rh6 58. Kd3 Kd5 59. Rc1 Bc5 60.
Rh1 Bd4 61. Bf5 Bc3 62. Bg6 Bd4 63. Rc1 Bc3 64. Rxc3 bxc3 65. Kxc3 Rh8 66. b4
Rc8+ 67. Kb3 Kd4 68. b5 Kc5 69. h6 Rf8 70. Be4 Rf6 71. h7 Rh6 72. Kc3 Rh4 73.
b6 Kxb6 74. Kc4 1-0

[Event "Florianopolis op 3rd"]
[Site "Florianopolis"]
[Date "2017.01.22"]
[Round "4"]
[White "Cruz, William Ferreira Da"]
[Black "Delgado Ramirez, Neuris"]
[Result "0-1"]
[WhiteElo "2241"]
[BlackElo "2615"]
[PlyCount "138"]
[EventDate "2017.01.20"]
[EventType "swiss"]
[EventRounds "10"]
[EventCountry "BRA"]
[SourceTitle "CBM 176 Extra"]
[Source "ChessBase"]
[SourceDate "2017.03.02"]
[SourceVersion "1"]
[SourceVersionDate "2017.03.02"]
[SourceQuality "1"]

1. d4 Nf6 2. c4 e6 3. Nc3 Bb4 4. Nf3 b6 5. Bg5 Bb7 6. Nd2 h6 7. Bh4 Nc6 8. e3
Bxc3 9. bxc3 g5 10. Bg3 d6 11. Bd3 Qe7 12. Qa4 Kf8 13. f3 e5 14. d5 Nb8 15. Bf2
Nbd7 16. e4 Nc5 17. Bxc5 dxc5 18. Nf1 Ne8 19. Ne3 Bc8 20. O-O-O Nd6 21. g3 Bd7
22. Qc2 Qf6 23. Rdf1 Ke7 24. Rf2 Rag8 25. Rhf1 Kd8 26. f4 gxf4 27. gxf4 Bh3 28.
fxe5 Qxe5 29. Re1 Re8 30. Rfe2 Rhg8 31. Nf5 Bxf5 32. exf5 Qf6 33. Kb2 Rxe2 34.
Rxe2 a5 35. Qa4 Re8 36. Rxe8+ Nxe8 37. Qc2 Qh4 38. Qe2 Nd6 39. Kc2 Kc8 40. Qd1
Kb7 41. a4 Qg5 42. Qd2 Qh4 43. Qe2 h5 44. Kd1 Qg5 45. Qf2 h4 46. Kc2 h3 47. Kb2
Qg2 48. Qc2 f6 49. Kb3 Kc8 50. Qe2 Kd8 51. Qe6 Ne8 52. Qe2 Ng7 53. Qc2 Ke7 54.
Qe2+ Kd6 55. Qe3 Qxh2 56. Bf1 Qe5 57. Qxh3 Ke7 58. Bd3 Ne8 59. Qh7+ Kd8 60. Qh3
Kc8 61. Qf3 Nd6 62. Qh3 Kb7 63. Qf3 Qe1 64. Kb2 Qd2+ 65. Kb3 Kb8 66. Qg3 b5 67.
cxb5 c4+ 68. Bxc4 Qd1+ 69. Ka2 Qc2+ 0-1

[Event "Florianopolis op 3rd"]
[Site "Florianopolis"]
[Date "2017.01.23"]
[Round "5"]
[White "Delgado Ramirez, Neuris"]
[Black "Matsuura, Everaldo"]
[Result "1-0"]
[WhiteElo "2615"]
[BlackElo "2477"]
[PlyCount "43"]
[EventDate "2017.01.20"]
[EventType "swiss"]
[EventRounds "10"]
[EventCountry "BRA"]
[SourceTitle "CBM 176 Extra"]
[Source "ChessBase"]
[SourceDate "2017.03.02"]
[SourceVersion "1"]
[SourceVersionDate "2017.03.02"]
[SourceQuality "1"]

1. Nf3 Nf6 2. c4 g6 3. Nc3 Bg7 4. e4 d6 5. d4 O-O 6. Be2 Na6 7. Bf4 c6 8. Qd2
Re8 9. h3 d5 10. e5 Ne4 11. Qe3 Nc7 12. Nxe4 dxe4 13. Qxe4 Ne6 14. Be3 f5 15.
Qd3 Qb6 16. d5 Nc5 17. Qa3 cxd5 18. cxd5 Qd8 19. Qxc5 b6 20. Qd4 Bb7 21. Bc4
Kh8 22. Ng5 1-0

[Event "Florianopolis op 3rd"]
[Site "Florianopolis"]
[Date "2017.01.23"]
[Round "6"]
[White "Shirov, Alexei"]
[Black "Delgado Ramirez, Neuris"]
[Result "1-0"]
[WhiteElo "2683"]
[BlackElo "2615"]
[PlyCount "53"]
[EventDate "2017.01.20"]
[EventType "swiss"]
[EventRounds "10"]
[EventCountry "BRA"]
[SourceTitle "CBM 176 Extra"]
[Source "ChessBase"]
[SourceDate "2017.03.02"]
[SourceVersion "1"]
[SourceVersionDate "2017.03.02"]
[SourceQuality "1"]

1. e4 c5 2. Nf3 d6 3. d4 cxd4 4. Nxd4 Nf6 5. Nc3 a6 6. Be3 e5 7. Nb3 Be6 8. f3
h5 9. Qd2 Nbd7 10. O-O-O Rc8 11. Kb1 Be7 12. Bd3 Qc7 13. h3 h4 14. f4 b5 15.
Rhe1 Bc4 16. fxe5 dxe5 17. Nd5 Nxd5 18. exd5 Bxd3 19. Qxd3 Qc4 20. Qf5 g6 21.
Qf2 Qc7 22. Nd4 Nc5 23. Nc6 Ne4 24. Qe2 Bd6 25. Bb6 Nc3+ 26. bxc3 Qxb6 27. Qf3
1-0

[Event "Florianopolis op 3rd"]
[Site "Florianopolis"]
[Date "2017.01.24"]
[Round "7"]
[White "Delgado Ramirez, Neuris"]
[Black "Cunha, Lucas Aguiar"]
[Result "1-0"]
[WhiteElo "2615"]
[BlackElo "2287"]
[PlyCount "57"]
[EventDate "2017.01.20"]
[EventType "swiss"]
[EventRounds "10"]
[EventCountry "BRA"]
[SourceTitle "CBM 176 Extra"]
[Source "ChessBase"]
[SourceDate "2017.03.02"]
[SourceVersion "1"]
[SourceVersionDate "2017.03.02"]
[SourceQuality "1"]

1. d4 Nf6 2. Nc3 d5 3. Bf4 e6 4. e3 Be7 5. Bd3 O-O 6. Nf3 c5 7. dxc5 Bxc5 8.
O-O Nc6 9. e4 dxe4 10. Nxe4 Be7 11. c4 Qa5 12. a3 Rd8 13. Qc2 Nh5 14. Be3 Ne5
15. Nxe5 Qxe5 16. Nc3 Nf6 17. Be2 Bd7 18. b4 b6 19. g3 Qc7 20. Rfd1 Bc6 21.
Rxd8+ Rxd8 22. Rd1 Rc8 23. f3 h5 24. Bf4 Qb7 25. Kf2 h4 26. Bd6 Bxd6 27. Rxd6
Bd5 28. cxd5 Nxd5 29. Qd3 1-0

[Event "Florianopolis op 3rd"]
[Site "Florianopolis"]
[Date "2017.01.25"]
[Round "8"]
[White "Mahia, Gustavo"]
[Black "Delgado Ramirez, Neuris"]
[Result "1/2-1/2"]
[WhiteElo "2360"]
[BlackElo "2615"]
[PlyCount "71"]
[EventDate "2017.01.20"]
[EventType "swiss"]
[EventRounds "10"]
[EventCountry "BRA"]
[SourceTitle "CBM 176 Extra"]
[Source "ChessBase"]
[SourceDate "2017.03.02"]
[SourceVersion "1"]
[SourceVersionDate "2017.03.02"]
[SourceQuality "1"]

1. e4 c5 2. Nf3 d6 3. d4 cxd4 4. Nxd4 Nf6 5. Nc3 a6 6. Be3 e5 7. Nb3 Be6 8. f3
Be7 9. Qd2 O-O 10. O-O-O a5 11. a4 Nc6 12. g4 Nb4 13. Qf2 Qc8 14. g5 Ne8 15.
Kb1 Nc7 16. Bb6 d5 17. Bxc7 Qxc7 18. Nxd5 Bxd5 19. exd5 Rad8 20. h4 Nxd5 21.
Bb5 Nf4 22. Rxd8 Rxd8 23. Qa7 Rc8 24. c3 b6 25. Qxc7 Rxc7 26. Nd2 f6 27. gxf6
gxf6 28. Ne4 Kf7 29. Rg1 h6 30. Ng3 Bc5 31. Rd1 Bf2 32. Ne4 Bxh4 33. Rh1 Ng6
34. Nd6+ Ke6 35. Nc4 Bf2 36. Rxh6 1/2-1/2

[Event "Florianopolis op 3rd"]
[Site "Florianopolis"]
[Date "2017.01.25"]
[Round "9"]
[White "Delgado Ramirez, Neuris"]
[Black "Rangel, Daniel"]
[Result "1-0"]
[WhiteElo "2615"]
[BlackElo "2269"]
[PlyCount "119"]
[EventDate "2017.01.20"]
[EventType "swiss"]
[EventRounds "10"]
[EventCountry "BRA"]
[SourceTitle "CBM 176 Extra"]
[Source "ChessBase"]
[SourceDate "2017.03.02"]
[SourceVersion "1"]
[SourceVersionDate "2017.03.02"]
[SourceQuality "1"]

1. e4 c5 2. Nf3 g6 3. d4 cxd4 4. Qxd4 Nf6 5. e5 Nc6 6. Qa4 Nd5 7. Qe4 Ndb4 8.
Bb5 Bg7 9. a3 Na6 10. Nc3 O-O 11. Bg5 Nc7 12. Bxc6 dxc6 13. Rd1 Qe8 14. O-O f6
15. Bf4 Qf7 16. Rfe1 Ne6 17. Be3 Re8 18. Qh4 Nf8 19. Ne4 Bf5 20. exf6 Bxf6 21.
Nfg5 Qg7 22. Nxf6+ exf6 23. Qc4+ Be6 24. Nxe6 Qf7 25. Bxa7 Rxa7 26. Qd4 Raa8
27. Nxf8 Kxf8 28. h3 Kg7 29. c4 Rxe1+ 30. Rxe1 Re8 31. Rd1 Re5 32. b4 b5 33.
cxb5 cxb5 34. g3 Re7 35. Qc5 Qe8 36. Kh2 h5 37. h4 Kh7 38. Rd5 Re5 39. Qc7+ Re7
40. Qb6 Re5 41. Rd8 Qe7 42. Qb8 Qg7 43. Rc8 f5 44. Rc7 Re7 45. Rxe7 Qxe7 46.
Qxb5 f4 47. Qd3 fxg3+ 48. fxg3 Qf7 49. Qc2 Qe7 50. Qd2 Qa7 51. Qb2 g5 52. Qc2+
Kg7 53. Qc3+ Kh7 54. Qd3+ Kg7 55. hxg5 Qf2+ 56. Kh3 Qg1 57. Qc3+ Kg8 58. Qf3
Qc1 59. g6 Kg7 60. Qf7+ 1-0

[Event "Florianopolis op 3rd"]
[Site "Florianopolis"]
[Date "2017.01.26"]
[Round "10"]
[White "Delgado Ramirez, Neuris"]
[Black "Bachmann, Axel"]
[Result "0-1"]
[WhiteElo "2615"]
[BlackElo "2628"]
[PlyCount "108"]
[EventDate "2017.01.20"]
[EventType "swiss"]
[EventRounds "10"]
[EventCountry "BRA"]
[SourceTitle "CBM 176 Extra"]
[Source "ChessBase"]
[SourceDate "2017.03.02"]
[SourceVersion "1"]
[SourceVersionDate "2017.03.02"]
[SourceQuality "1"]

1. e4 c5 2. Nf3 e6 3. d4 cxd4 4. Nxd4 Nc6 5. Nc3 Qc7 6. Qd3 a6 7. Nxc6 Qxc6 8.
Qg3 b5 9. Bd3 Bb7 10. a3 Nf6 11. Bd2 d6 12. O-O h5 13. Rae1 h4 14. Qh3 Be7 15.
f4 e5 16. Kh1 Qc8 17. f5 Bc6 18. Bg5 Nd7 19. Be3 Nf6 20. Bg5 Nd7 21. Bd2 Nf6
22. Nd1 Qb7 23. Nf2 Bd8 24. b4 Bb6 25. Be3 Bxe3 26. Qxe3 Qa7 27. Qe2 Kf8 28.
Nh3 Qd4 29. c3 Qb6 30. Qa2 Re8 31. c4 bxc4 32. Qxc4 Bb5 33. Qc2 Ke7 34. Bxb5
axb5 35. Rc1 Rc8 36. Qd3 Rc6 37. Rxc6 Qxc6 38. Ng5 Rc8 39. Rd1 Qb6 40. h3 Rc4
41. a4 Rd4 42. Qb3 Rxd1+ 43. Qxd1 Qe3 44. Nf3 Nxe4 45. Qc2 bxa4 46. Qc7+ Kf6
47. Nxh4 Kg5 48. Nf3+ Kf4 49. Qe7 a3 50. Qxf7 Kg3 51. Qxg7+ Ng5 52. Qg8 a2 53.
Qxa2 Nxf3 54. Qb1 Qf2 0-1

[Event "Florianopolis 4th"]
[Site "Florianopolis"]
[Date "2017.01.27"]
[Round "1"]
[White "Delgado Ramirez, Neuris"]
[Black "Guimaraes, Diogo Duarte"]
[Result "1/2-1/2"]
[WhiteElo "2615"]
[BlackElo "2219"]
[PlyCount "150"]
[EventDate "2017.01.27"]
[EventType "tourn"]
[EventRounds "9"]
[EventCountry "BRA"]
[EventCategory "7"]
[SourceTitle "CBM 176 Extra"]
[Source "ChessBase"]
[SourceDate "2017.03.02"]
[SourceVersion "1"]
[SourceVersionDate "2017.03.02"]
[SourceQuality "1"]

1. e4 e5 2. Nf3 Nc6 3. Bb5 Nf6 4. Qe2 a6 5. Bxc6 dxc6 6. d3 Bd6 7. Bg5 h6 8.
Bh4 g5 9. Bg3 Nh5 10. Nbd2 Qf6 11. O-O-O Bg4 12. h3 Be6 13. Kb1 O-O-O 14. Bh2
Nf4 15. Bxf4 Qxf4 16. Nf1 h5 17. Ne3 Bc5 18. Rdf1 g4 19. Nh4 g3 20. Nhf5 Bxf5
21. Nxf5 gxf2 22. g3 Qg5 23. h4 Qf6 24. Rd1 Rdg8 25. c3 Rg4 26. Rhf1 Re8 27.
Qf3 Kb8 28. Kc2 Qe6 29. b3 a5 30. Rd2 Qg6 31. Kb2 Qf6 32. a3 Reg8 33. Qd1 Bb6
34. b4 Rd8 35. bxa5 Bc5 36. Kc2 Rd7 37. Qb1 Qd8 38. Rdd1 Ka8 39. a4 Ka7 40. Qb3
Rxe4 41. Rb1 b6 42. axb6+ cxb6 43. Nd4 Bxd4 44. dxe4 Bc5 45. Qc4 Rd2+ 46. Kb3
Qd3 47. Qxf7+ Ka6 48. Qc4+ Ka5 49. Qxd3 Rxd3 50. Rb2 Bd4 51. Rc2 Rxg3 52. Rfxf2
Bxf2 53. Rxf2 Re3 54. Rf5 Rxe4 55. Rxh5 c5 56. Rh8 Ka6 57. h5 Rh4 58. h6 Kb7
59. h7 e4 60. Kc4 Rh2 61. Re8 Rxh7 62. Kb5 Kc7 63. Rxe4 Rh3 64. Rc4 Rh1 65. Rg4
Rb1+ 66. Kc4 Ra1 67. Kb5 Rb1+ 68. Ka6 Rb3 69. Rg7+ Kc6 70. Rg6+ Kc7 71. Rg3 Rb2
72. Rg5 Rb3 73. a5 bxa5 74. Rxc5+ Kd6 75. Rxa5 Rxc3 1/2-1/2

[Event "Florianopolis 4th"]
[Site "Florianopolis"]
[Date "2017.01.27"]
[Round "2"]
[White "Trois, Francisco R Torres"]
[Black "Delgado Ramirez, Neuris"]
[Result "0-1"]
[WhiteElo "2218"]
[BlackElo "2615"]
[PlyCount "51"]
[EventDate "2017.01.27"]
[EventType "tourn"]
[EventRounds "9"]
[EventCountry "BRA"]
[EventCategory "7"]
[SourceTitle "CBM 176 Extra"]
[Source "ChessBase"]
[SourceDate "2017.03.02"]
[SourceVersion "1"]
[SourceVersionDate "2017.03.02"]
[SourceQuality "1"]

1. Nf3 Nf6 2. g3 b5 3. Bg2 Bb7 4. d4 e6 5. O-O c5 6. c3 Be7 7. Bg5 Na6 8. Nbd2
Qb6 9. a4 O-O 10. axb5 Qxb5 11. Qa4 Qxa4 12. Rxa4 cxd4 13. Nxd4 Nc5 14. Ra5 d5
15. Bxf6 gxf6 16. c4 Rfd8 17. cxd5 Nd3 18. Rd1 Bb4 19. Ra2 Nc5 20. Nc2 Bxd2 21.
Rxd2 Rdc8 22. b4 Nb3 23. Rd1 Rc4 24. Bf1 Rc3 25. Nd4 Nxd4 26. Rxd4 0-1

[Event "Florianopolis 4th"]
[Site "Florianopolis"]
[Date "2017.01.28"]
[Round "3"]
[White "Delgado Ramirez, Neuris"]
[Black "Rodriguez Vila, Andres"]
[Result "1/2-1/2"]
[WhiteElo "2615"]
[BlackElo "2468"]
[PlyCount "58"]
[EventDate "2017.01.27"]
[EventType "tourn"]
[EventRounds "9"]
[EventCountry "BRA"]
[EventCategory "7"]
[SourceTitle "CBM 176 Extra"]
[Source "ChessBase"]
[SourceDate "2017.03.02"]
[SourceVersion "1"]
[SourceVersionDate "2017.03.02"]
[SourceQuality "1"]

1. e4 e6 2. d4 d5 3. exd5 exd5 4. Nf3 Nc6 5. h3 Bd6 6. c4 Nf6 7. Nc3 O-O 8. Be2
dxc4 9. O-O Be6 10. Bg5 Be7 11. Rc1 Nb4 12. a3 Nd3 13. Bxd3 cxd3 14. Qxd3 Nd5
15. Nxd5 Bxd5 16. Bxe7 Qxe7 17. Rfe1 Qd6 18. Ng5 Qh6 19. Qf5 c6 20. Rc3 Qg6 21.
Qxg6 hxg6 22. Rce3 f6 23. Ne6 Bxe6 24. Rxe6 Rad8 25. Re7 Rf7 26. Re8+ Rxe8 27.
Rxe8+ Rf8 28. Re7 Rf7 29. Re8+ Rf8 1/2-1/2

[Event "Florianopolis 4th"]
[Site "Florianopolis"]
[Date "2017.01.29"]
[Round "4"]
[White "Perdomo, Leandro Daniel"]
[Black "Delgado Ramirez, Neuris"]
[Result "0-1"]
[WhiteElo "2459"]
[BlackElo "2615"]
[PlyCount "138"]
[EventDate "2017.01.27"]
[EventType "tourn"]
[EventRounds "9"]
[EventCountry "BRA"]
[EventCategory "7"]
[SourceTitle "CBM 176 Extra"]
[Source "ChessBase"]
[SourceDate "2017.03.02"]
[SourceVersion "1"]
[SourceVersionDate "2017.03.02"]
[SourceQuality "1"]

1. d4 Nf6 2. c4 e6 3. Nc3 Bb4 4. g3 Bxc3+ 5. bxc3 O-O 6. Bg2 d6 7. Nf3 Bd7 8.
Nd2 Nc6 9. Nb3 Re8 10. O-O e5 11. d5 Ne7 12. e4 Ng6 13. c5 h6 14. Ba3 Bb5 15.
Re1 h5 16. c4 Bxc4 17. Na5 Ba6 18. Qb3 Rb8 19. Qc3 dxc5 20. Bxc5 Ra8 21. Bh3
Nh7 22. Rab1 b6 23. Nc6 Qf6 24. Ba3 Ng5 25. Bf5 h4 26. Bc1 Bc8 27. Bxg5 Qxg5
28. Qe3 Qxe3 29. fxe3 Bxf5 30. exf5 Ne7 31. Nxe7+ Rxe7 32. e4 hxg3 33. hxg3 c6
34. dxc6 Rc8 35. Rbc1 Rec7 36. Red1 Rxc6 37. Rxc6 Rxc6 38. Rd8+ Kh7 39. Rd7 f6
40. Rxa7 Rc4 41. Rb7 Rxe4 42. Rxb6 Ra4 43. Kf2 Kh6 44. Rb7 Rxa2+ 45. Kf3 Ra3+
46. Kg4 g6 47. fxg6 Kxg6 48. Rb6 Ra4+ 49. Kf3 Kf5 50. Rc6 Ra3+ 51. Kf2 Rd3 52.
Ra6 Kg5 53. Re6 Kf5 54. Ra6 e4 55. Ra4 Ke5 56. Rb4 f5 57. Rb5+ Rd5 58. Rb4 Rd2+
59. Kf1 e3 60. Ra4 Rd4 61. Ra5+ Ke4 62. Rb5 Rd5 63. Rb3 Kf3 64. Ke1 Ra5 65. Rb1
f4 66. Kf1 Kxg3 67. Ke2 Ra2+ 68. Kd3 e2 69. Ke4 Kf2 0-1

[Event "Florianopolis 4th"]
[Site "Florianopolis"]
[Date "2017.01.29"]
[Round "5"]
[White "Delgado Ramirez, Neuris"]
[Black "Cunha, Lucas Aguiar"]
[Result "1-0"]
[WhiteElo "2615"]
[BlackElo "2287"]
[PlyCount "111"]
[EventDate "2017.01.27"]
[EventType "tourn"]
[EventRounds "9"]
[EventCountry "BRA"]
[EventCategory "7"]
[SourceTitle "CBM 176 Extra"]
[Source "ChessBase"]
[SourceDate "2017.03.02"]
[SourceVersion "1"]
[SourceVersionDate "2017.03.02"]
[SourceQuality "1"]

1. e4 c5 2. g3 Nc6 3. Bg2 Nf6 4. d3 d5 5. Nd2 g6 6. Ngf3 Bg7 7. O-O O-O 8. exd5
Nxd5 9. Re1 b6 10. a3 Bb7 11. Rb1 e6 12. Ne4 a5 13. h4 Qd7 14. h5 e5 15. Nfd2
Nd4 16. h6 Bh8 17. c3 Ne6 18. Nc4 Bc6 19. Ned2 Qc7 20. Nf3 f6 21. a4 Rfd8 22.
Qb3 Qf7 23. Nfd2 Rab8 24. Ne4 Qe7 25. f4 f5 26. Nf2 exf4 27. gxf4 Kf8 28. Nh3
Qd7 29. Bd2 Re8 30. Ne5 Bxe5 31. Rxe5 Ndc7 32. Bxc6 Qxc6 33. Rbe1 Rbd8 34. Qc4
Rd5 35. Rxd5 Qxd5 36. Qxd5 Nxd5 37. Kf1 Kf7 38. Re5 Rd8 39. Ng5+ Nxg5 40. fxg5
Nc7 41. Re3 Ne6 42. Rf3 c4 43. Ke2 Rxd3 44. Rxd3 cxd3+ 45. Kxd3 Nc5+ 46. Kc4
Ke6 47. Kb5 Nb3 48. Be3 Nc5 49. Bxc5 bxc5 50. Kxc5 Ke5 51. b4 f4 52. b5 f3 53.
b6 f2 54. b7 f1=Q 55. b8=Q+ Ke4 56. Qe8+ 1-0